Flags of cities - Statistics

General Stats
  • This quiz has been taken 13 times
  • The average score is 8 of 15
Answer Stats
Picture Hint Answer % Correct
Washington
100%
Captial of Ireland Dublin
83%
Capital of Singapore Singapore
83%
Capital of japan Tokyo
83%
East germany
75%
Faroe islands
75%
Why is called Ussr lol Soviet union
75%
Too much Europe in maps European union
67%
Anguilla
42%
Basque country
42%
Empire of Brazil
33%
Updated of greece Crete
25%
Sabah
25%
Caribbean Community
17%
Why is put in france? Guadeloupe
8%
No matching quizzes found
Score Distribution
Percent of People with Each Score
Percentile by Number Answered
Your Score History
You have not taken this quiz